00427nam a2200145Ia 4500008004100000041000900041082001800050100002200068245003400090260002900124300000800153650000800161999001700169952009500186230718s9999 xx 000 0 und d aEng. a345.54bSAR-G aSardar iqbal khan 0aGeneral principal of crimanls aPakistanbPakistanc2019 a626 aLaw c32926d32926 00104070aSIRC-LbSIRC-Ld2023-07-18l0o345.54 SAR-Gp27877r2023-07-18w2023-07-18yBK